| 000 | 00362nam a2200133Ia 4500 | ||
|---|---|---|---|
| 008 | 220217s9999||||xx |||||||||||||| ||und|| | ||
| 020 | _a9788126547197 | ||
| 082 | _a005.133 HEL | ||
| 100 |
_aHellman, Erik _910078 |
||
| 245 | 0 | _aAndroid programming | |
| 260 |
_aWiley india _bNew delhi _c2018 |
||
| 300 |
_aXVI, 416p. _b999 |
||
| 650 | _aPROGRAMMING LANGUAGE | ||
| 999 |
_c188121 _d188121 |
||